Statistiques concernant Pays les plus proches des Pays-Bas

Cliquez ici pour prendre le quiz!

Statistiques générales

  • Ce quiz a été pris 313 fois
  • Le résultat moyen est 14 sur 20

Statistiques - réponses

kmpays% Correct
0Belgique
100%
0France
100%
0Allemagne
99%
200Danemark
97%
64Luxembourg
96%
133Royaume-Uni
96%
371Suisse
96%
494Norvège
94%
434Suède
93%
463Pologne
92%
445Autriche
89%
431Sainte-Lucie
83%
465Liechtenstein
77%
411Tchèquie
69%
13Saint-Christophe-et-Niévès
32%
493Saint-Vincent-et-les-Grenadines
32%
119Antigua-et-Barbuda
29%
259Dominique
27%
27Venezuela
23%
125Colombie
21%

Distribution des résultats

Percentile par nombre de réponses

% des personnes avec chaque résultat

Votre développement - résultats

Vous n’avez pas pris ce quiz